00270nam a2200121Ia 4500008004100000100001600041245002600057260002300083300000800106650001000114942000700124999001700131190216s9999||||xx |||||||||||||| ||und|| aOmkar Sarad 0aHindi-Lanka Maharajin bSahithya Prakashan a152 aHindi cBK c16286d16286